000 01002nam a22002897a 4500
008 131129b xxu||||| |||| 00| 0 ger d
020 _a3854283652
041 1 0 _ager
_aslv
080 _a347.725
_x(497.4)
_x(060.132)
100 1 _aDoralt, Peter
245 1 0 _aDie aktiengesellschaft und ihre satzung nach slowenischem recht = Delniška družba in njen statut po slovenskem pravu /
_cPeter Doralt, Marian Kocbek, hilda Marija Pivka
260 _aWien :
_bService Fachverlag ;
_c1997.
300 _a228 f. :
_c21 cm.
490 _aSchriftenreihe des FOWI
_vBand 10
500 _aPregovor : f. V-VI
500 _aVorwort : f. VII - VIII
500 _aTeksti është në gjuhë gjermane dhe sllovene.
505 _aLiteraturverzeichnis : 227
650 0 _aLigji
_zSllovenia
650 0 _aLigjet e shoqatave
_zSllovenia
700 1 _aDoralt, Peter
700 1 _aKocbek, Marian
700 1 _aPivka, Gilda Marija
700 1 _aHaschek, Helmut H.
700 1 _aSchauer, Martin
942 _2udc
_cBK
999 _c376
_d376